000 00570nam a2200181Ia 4500
003 GCL
008 140319s9999 xx 000 0 eng d
040 _aGCL /
_cGCL
082 0 4 _a930.17275
_bN A
100 1 _aNAVARRETE, CARLOS
245 1 0 _aARCHEOLOGICAL EXPLORATIONS IN THE REGION OF THE FRAILESCA, CHIAPAS, MEXICO /
_cNAVARRETE, CARLOS
260 _a[S.N] :
_bNEW WORLD ARCHAEOLOGICAL FOUNDATION ،
_c1960
300 _a43 P
650 0 4 _aCHIAPAS, MEXICO
650 0 4 _aARCHEOLOGICAL - CHIAPAS, MEXICO
650 0 4 _aCERAMICS - CHIAPAS, MAXICO
942 _2ddc
_cBK
999 _c12252
_d12252